Football : Vainqueur de Eredivisie - Statistiques

Statistiques générales
  • Ce quiz a été pris 32 fois
    2 depuis la dernière actualisation
  • Le résultat moyen est 71 sur 138
Statistiques - réponses
Année Vainqueur % Correct
1918 | 1919 | 1931 | +35 others Ajax Amsterdam
100%
1942 | 1943 ADO La Haye
50%
1981 | 2009 AZ Alkmaar
50%
1958 DOS Utrecht
50%
1954 FC Eindhoven
50%
2010 FC Twente
50%
1924 | 1928 | 1936 | +13 others Feyenoord Rotterdam
50%
1917 | 1922 | 1930 | 1933 Go Ahead Eagles
50%
1927 | 1941 Heracles Almelo
50%
1946 HFC Haarlem
50%
1929 | 1935 | 1951 | +24 others PSV Eindhoven
50%
1909 | 1911 | 1912 | +3 others Sparta Rotterdam
50%
1916 | 1952 | 1955 Willem II Tilburg
50%
1920 Be Quick Groningue
0%
1948 BVV Den Bosch
0%
1889 Concordia Rotterdam
0%
1944 De Volewijckers
0%
1964 DWS Amsterdam
0%
1904 | 1906 | 1925 HBS La Haye
0%
1891 | 1896 | 1900 | +7 others HVV La Haye
0%
1890 | 1893 | 1895 Koninklijke HFC
0%
1950 Limburgia Brunssum
0%
1921 NAC Breda
0%
1908 Quick La Haye
0%
1923 | 1953 Racing Club Heemstede
0%
1892 | 1894 | 1897 | +2 others RAP Amsterdam
0%
1956 Rapid JC
0%
1926 SC Enschede
0%
1949 SVV Schiedam
0%
Aucun quiz correspondant
Distribution des résultats
% des personnes avec chaque résultat
Percentile par nombre de réponses
Votre historique - résultats
Vous n’avez pas pris ce quiz depuis la dernière actualisation